MARC

LEADER 00000nam0a2200000 4500
001 303593
005 20231102001622.0
035 |a (RuTPU)RU\TPU\book\328816 
090 |a 303593 
100 |a 20150903d1983 km y0rusy50 ca 
101 0 |a rus 
102 |a RU 
105 |a a z 001zy 
200 1 |a Повышение надёжности и качества электро- и теплоснабжения г. Москвы  |e материалы семинара  |f Общество "Знание" РСФСР ; Московский Дом научно-технической пропаганды ; под ред. А. А. Федорова 
210 |a Москва  |c Знание  |d 1983 
215 |a 123 с.  |c ил. 
320 |a Библиогр. в конце ст. 
606 1 |a Электроснабжение  |2 stltpush  |3 (RuTPU)RU\TPU\subj\20841  |9 45911 
606 1 |a Теплоснабжение  |x Строительство  |2 stltpush  |3 (RuTPU)RU\TPU\subj\59804  |9 77302 
610 1 |a надежность 
610 1 |a качество 
610 1 |a электрическая энергия 
610 1 |a экономия 
610 1 |a энергетический баланс 
610 1 |a распределительные сети 
610 1 |a электрическая нагрузка 
610 1 |a электропотребление 
610 1 |a топливно-энергетические ресурсы 
610 1 |a семинары 
675 |a 621.31.031(063)  |v 4 
675 |a 697.34(063)  |v 4 
702 1 |a Федоров  |b А. А.  |4 340 
712 0 2 |a Общество "Знание" РСФСР  |c (Москва)  |2 stltpush  |3 (RuTPU)RU\TPU\col\7484 
712 0 2 |a Московский Дом научно-технической пропаганды  |2 stltpush  |3 (RuTPU)RU\TPU\col\7885  |9 24405 
712 1 2 |a Повышение надёжности и качества электро- и теплоснабжения г. Москвы  |c семинар  |e Москва  |f 1983  |4 570 
801 1 |a RU  |b 63413507  |c 20150903 
801 2 |a RU  |b 63413507  |c 20190422  |g RCR 
942 |c BK